| 000 | 00570nam a22002057a 4500 | ||
|---|---|---|---|
| 999 |
_c5966 _d5966 |
||
| 005 | 20251210152726.0 | ||
| 008 | 251210b ||||| |||| 00| 0 eng d | ||
| 020 | _a9780192786760 | ||
| 040 | _cKH8 | ||
| 082 | _a423.12 DIC | ||
| 100 | _aOXFORD DICTIONARIES | ||
| 245 | _aOxford School Thesaurus | ||
| 260 |
_aGreat Clarendon Street,Oxford OX2 6DP _bOXFORD UNIVERSITY PRESS _c2023 |
||
| 300 |
_a565 PAGES _billustration _c11 cm x 15 cm |
||
| 520 | _aThesaurus. | ||
| 650 | _aEnglish Words | ||
| 655 | _aReference | ||
| 655 | _aEnglish Literature | ||
| 942 |
_2ddc _cTR |
||